| 000 | 00661nam a2200205Ia 4500 | ||
|---|---|---|---|
| 003 | GCL | ||
| 008 | 140319s9999 xx 000 0 ara d | ||
| 040 |
_aGCL / _cGCL |
||
| 082 | 0 | 4 |
_a217.5 _bا م |
| 100 | 1 | _aامين الخولى | |
| 245 | 1 | 0 |
_aفى اموالهم مثالية لا مذهبية / _cامين الخولى |
| 260 |
_a[S.N] : _bالهيئة المصرية العامة للكتاب ، _c1987 |
||
| 300 | _a160 | ||
| 490 |
_aمن هدى القران _v0 |
||
| 650 | 0 | 4 | _aالاسلام |
| 650 | 0 | 4 | _aالاخلاق الاسلامية |
| 650 | 0 | 4 | _aالاداب الاسلامية |
| 650 | 0 | 4 | _aالنظام المالى |
| 942 |
_2ddc _cBK |
||
| 999 |
_c58988 _d58988 |
||